| 000 | 00404nam a2200157 i 4500 | ||
|---|---|---|---|
| 001 | 51451 | ||
| 003 | ES-MaACL | ||
| 005 | 20230906162350.0 | ||
| 007 | t| | ||
| 008 | 030813s1926 fr ||||1| fre d | ||
| 100 | 1 |
_aChastanet, J. L. _938165 |
|
| 245 | 1 | 3 |
_aLa dictadure de l'argent / _cJ.L. Chastanet. |
| 260 |
_a[Lagny : _bE. Grevin, _c1926] |
||
| 300 |
_a245 p. ; _c19 cm. |
||
| 852 |
_aES-MaACL _jF-592 |
||
| 999 |
_c51451 _d51451 |
||